Allama Iqbal kay Chand nadir-o-Nayab Khatoot (Urdu) (Record no. 13565)

000 -LEADER
fixed length control field 00457nam a22001457a 4500
020 ## - INTERNATIONAL STANDARD BOOK NUMBER
International Standard Book Number -
082 ## - DEWEY DECIMAL CLASSIFICATION NUMBER
Classification number 954.035 MAL
100 ## - MAIN ENTRY--PERSONAL NAME
Personal name Malik, Nadeem Shafiq Dr.
245 ## - TITLE STATEMENT
Title Allama Iqbal kay Chand nadir-o-Nayab Khatoot (Urdu)
260 ## - PUBLICATION, DISTRIBUTION, ETC.
Place of publication, distribution, etc. Karachi
Name of publisher, distributor, etc. Fiction House
Date of publication, distribution, etc. 2015
300 ## - PHYSICAL DESCRIPTION
Extent 384 p.
500 ## - GENERAL NOTE
General note Includes bibliographical references
650 ## - SUBJECT ADDED ENTRY--TOPICAL TERM
Topical term or geographic name entry element 1. Iqbal Muhammad, Sir 1877-1938---Correspondence. 2. Statesmen---India---Correspondence
942 ## - ADDED ENTRY ELEMENTS (KOHA)
Koha item type Book
Holdings
Withdrawn status Lost status Source of classification or shelving scheme Damaged status Not for loan Permanent Location Current Location Shelving location Date acquired Source of acquisition Cost, normal purchase price Full call number Barcode Date last seen Price effective from Koha item type
          Central Library (CL) Central Library (CL) General Stacks 05/02/2016 Donation 900.00 891.4396 MAL SEECSD01294 05/04/2016 01/05/2017 Book
          Central Library (CL) Central Library (CL) General Stacks 05/02/2016 Donation 900.00 891.4396 MAL SEECSD01293 05/04/2016 01/05/2017 Book
© 2023 Central Library, National University of Sciences and Technology. All Rights Reserved.